Directing health-care volunteers /

Bibliographic Details
Main Author: Kieffer, Nancy
Format: Book
Language:English
Published: Oradell, N.J. : Medical Economics Co., Book Division, [1980]
Subjects:

MARC

Tag First Indicator Second Indicator Subfields
LEADER 00000cam a2200000 a 4500
001 in00000084102
005 20151008055652.0
008 800604s1980 njua 00010 engm
010 |a  80112920  
020 |a 0874892031 
035 |a (OCoLC)06488369 
035 |9 AAJ4065AM 
040 |a DLC  |c DLC  |d m.c.  |d WAU  |d TXA  |d UtOrBLW 
049 |a TXAM  |c [1672863] 
050 0 0 |a RA972.7  |b .K53 
082 0 |a 362.1 
096 |a WX 159.5 K47d 1980 
100 1 |a Kieffer, Nancy. 
245 1 0 |a Directing health-care volunteers /  |c Nancy Kieffer. 
264 1 |a Oradell, N.J. :  |b Medical Economics Co., Book Division,  |c [1980] 
264 4 |c ©1980 
300 |a ix, 245 pages :  |b illustrations ;  |c 24 cm. 
336 |a text  |b txt  |2 rdacontent 
337 |a unmediated  |b n  |2 rdamedia 
338 |a volume  |b nc  |2 rdacarrier 
650 0 |a Volunteer workers in medical care. 
650 2 |a Health Facilities. 
650 2 |a Volunteers  |x organization & administration. 
999 |a MARS 
999 f f |s 77f9b11f-0f5c-3539-b08e-fd4e83255b8b  |i 0ed2def6-3932-3198-a138-dbe09798e72c  |t 0 
952 f f |p ric  |a Texas A&M University  |b Rellis Campus  |c Joint Library Facility  |d Remote Storage  |t 0  |e RA972.7 .K53  |h Library of Congress classification  |i unmediated -- volume  |m A14806228247 
998 f f |a RA972.7 .K53  |t 0  |l Remote Storage